La crisis económica mundial (1929-1933) (Registro nro. 71834)

Detalles MARC
000 -ENCABEZADO
Número de control [NR] 00963nam a2200241Ia 4500
005 - FECHA Y HORA DE LA ÚLTIMA TRANSACCIÓN
control field 20240528144627.0
008 - DE LONGITUD FIJA DE DATOS DE ELEMENTOS - INFORMACIÓN GENERAL
Elementos de longitud fija [NR] 130821s1933 sp gr spa
040 ## - FUENTE DE CATALOGACION [NR]
Agencia de catalogación original [NR] Co-BoUCM
Idioma de catalogación [NR] spa
Quien Cataloga David Moreno (modificó)
Quien Clasifica David Moreno (modificó)
041 00 - CODIGO DE IDIOMA [R]
Código de idioma para texto/pista de sonido o título separado [R] Español
100 1# - ASIENTO PRINCIPAL--NOMBRE PERSONAL [NR]
Nombre personal [NR] Einzig, Paul
ID Autoridad 113627
245 13 - MENCION DE TITULO [NR]
Título [NR] La crisis económica mundial (1929-1933)
Mención de responsabilidad, etc. [NR] Paul Einzig ; traducción de Luis A. Vigil-Escalera
260 ## - PUBLICACION, DISTRIBUCION, ETC. (PIE DE IMPRENTA) [R]
Lugar de publicación, distribución, etc. [R] Madrid (España)
Nombre del editor, distribuidor, etc. [R] Revista de Derecho Privado
Fecha de publicación, distribución, etc. [R] 1933
300 ## - DESCRIPCION FISICA [R]
Extensión [R] 220 Páginas (v. 2)
490 #0 - MENCION DE SERIE [R]
Mención de serie [R] Coleccion de Obras de Economia y Hacienda.
Designación numérica/secuencial del volumen [NR] II
Mención de serie [R] Serie E
504 ## - NOTA DE BIBLIOGRAFIA, ETC. [R]
Nota de bibliografía, etc. [NR] Incluye referencias bibliográficas e índices
650 04 - ASIENTO SECUNDARIO DE MATERIA - TERMINO TEMATICO [R]
Término temático o nombre geográfico como elemento de entrada [NR] Ciclos económicos
9 (RLIN) 10763
650 04 - ASIENTO SECUNDARIO DE MATERIA - TERMINO TEMATICO [R]
Término temático o nombre geográfico como elemento de entrada [NR] Crisis económica
Subdivisión cronológica [R] 1929-1933
9 (RLIN) 12159
650 04 - ASIENTO SECUNDARIO DE MATERIA - TERMINO TEMATICO [R]
Término temático o nombre geográfico como elemento de entrada [NR] Desarrollo económico
9 (RLIN) 438
650 04 - ASIENTO SECUNDARIO DE MATERIA - TERMINO TEMATICO [R]
Término temático o nombre geográfico como elemento de entrada [NR] Historia económica
Subdivisión cronológica [R] 1929-1933
9 (RLIN) 173
700 1# - ASIENTO SECUNDARIO - NOMBRE PERSONAL [R]
Nombre personal [NR] Vigil-Escalera, Luis A.
9 (RLIN) 168049
942 ## - ELEMENTOS DE ENTRADA AGREGADOS (KOHA)
Tipo de ítem principal el descrito en 300a Libro
Tema principal Economía
Edición 1
Parte restante de la signatura top. E45c
Sistema de clasificación DEWEY
Clasificación 338.542
Título oculto en OPAC No
Existencias
Fecha de último préstamo Total préstamos Total Renewals Signatura topográfica Código de barras Última vez visto Ejemplar Costo de reposición Price effective from Tipo de ítem Nota pública (OPAC) Perdido Sistema de clasificación Dañado No prestable Tipo de ítem específico Suprimido Ubicación habitual Ubicación actual Localización Fecha de creación Forma de adquisición
20/08/2015 5 3 338.542 E45c 100111741 04/12/2025 Ej.1 26000.00 03/02/2013 Libro Galería de donantes - Álvaro Daza Roa   DEWEY     Fondos especiales   Claustro Claustro 3er piso 30/09/2011 Donación